Cooperative development : professional self-development through cooperation with colleagues

Αποθηκεύτηκε σε:
Λεπτομέρειες βιβλιογραφικής εγγραφής
Κύριος συγγραφέας: Edge, Julian 1948-
Μορφή: Βιβλίο
Γλώσσα:English
Δημοσίευση: U.S.A. : Longman, 1992
Σειρά:Teacher to teacher
Θέματα:
Ετικέτες: Προσθήκη ετικέτας
Δεν υπάρχουν, Καταχωρήστε ετικέτα πρώτοι!

MARC

LEADER 00000nam a2200000 i 4500
001 1/23861
008 960715s1992 eng d
020 |a 0-582-06465-1 
035 |l 10022167 
040 |a GR-MY-UA  |b gre  |e aacr 
041 0 |a eng 
082 0 |a 428.007 
100 1 |a Edge, Julian  |d 1948- 
245 1 0 |a Cooperative development :  |b professional self-development through cooperation with colleagues /  |c Julian Edge 
260 |a U.S.A. :   |b Longman,   |c 1992 
300 |a 106 p. 
490 1 |a Teacher to teacher 
500 |a Includes bibliographical references 
650 0 0 |a English language  |x Study and teaching  |x Foreign speakers. 
650 0 0 |a English teachers  |x Training of. 
830 0 |a Teacher to teacher 
852 |a INST  |b CHIOS  |e 19960715  |h 428.007 EDG  |p 005200001636  |q 005200001636  |t BK  |y 0 
909 |a Χ  |b 040425